00853naa a22002177a 4500001001000000003000900010005001700019007000300036008003400039040005400073041000900127072001400136100001700150245004500167260003700212500013100249650001100380650001000391650002300401773021100424BR9205090BR-BrBNA20240918180728.0ta230509b bl.||||| |||| 00| 0 por d aBR-BrBNAbporcBiblioteca Nacional de Agricultura a(Pt) aL70b52121 aBirgel, E.H.1 aExame clinico dos animais antes do abate3 aSao Paulo, SP (Brasil): c1969.  aBarbuto, O.J.M. (coord.) Curso de especializacao em higiene da carne Sao Paulo, SP (Brasil): 1969. p. 19-23 (BR9205090-AM)L70  aBOVINO aABATE aINSPECAO SANITARIA0 tCurso de especializacao em higiene da carneaBarbuto, O.J.M. (coord.). Universidade de Sao Paulo, Sao Paulo (Brasil). Faculdade de Medicina VeterinariawL70 BR9205090gSao Paulo, SP (Brasil), 1969. p. 19-23